000 00460ntaaa2200181 4500
003 01
005 20251027202117.0
008 0714s1973 ag 01
040 _aAR-BaBN
_bspa
_cAR-BaBN
_eaacr
_dRIC
082 _a253.0000 F537
100 _aFisher, Welthy Honsinger
_99421
245 _aHandbook for ministers' wives
250 _a1 ed.
260 _aNew York :
_bWoman's Press,
_cc1950
300 _a136 p
650 _apastores-esposas
_919571
942 _cBK
999 _c15970
_d15970